000 00343nam a22001337a 4500
003 SGT
020 _a9788193132944
082 _a200
_bK18D
100 _aदास, अशोक
245 _aकरिश्माई कांशीराम
260 _bदास पब्लिकेशंस
_c2018
300 _a137
942 _2ddc
_cBK
999 _c31812
_d31812